Cơ sở khoa học của việc nuôi dưỡng và chăm sóc trẻ Sách dùng cho giáo sinh các trường sư phạm mầm non T.2

Đã lưu trong:
書目詳細資料
主要作者: Trần, Thị Nhung
其他作者: Vũ, Huy Thảo
格式: 圖書
語言:Undetermined
出版: H. TTNC bồi dưỡng đào tạo giáo viên 1993
主題:
在線閱讀:http://lrc.tdmu.edu.vn/opac/search/detail.asp?aID=2&ID=4213
標簽: 添加標簽
沒有標簽, 成為第一個標記此記錄!
Thư viện lưu trữ: Trung tâm Học liệu Trường Đại học Thủ Dầu Một
LEADER 00868nam a2200229Ia 4500
001 TDMU_4213
008 210410s9999 xx 000 0 und d
082 |a 372.21 
090 |b TR121 
100 |a Trần, Thị Nhung 
245 0 |a Cơ sở khoa học của việc nuôi dưỡng và chăm sóc trẻ 
245 0 |b Sách dùng cho giáo sinh các trường sư phạm mầm non 
245 0 |c Trần Thị Nhung 
245 0 |n T.2 
260 |a H. 
260 |b TTNC bồi dưỡng đào tạo giáo viên 
260 |c 1993 
300 |a 170tr. 
650 |a Giáo dục mầm non  |x Chăm sóc sức khỏe ; Chăm sóc sức khỏe trẻ em  
700 |a Vũ, Huy Thảo 
856 |u http://lrc.tdmu.edu.vn/opac/search/detail.asp?aID=2&ID=4213 
980 |a Trung tâm Học liệu Trường Đại học Thủ Dầu Một